5HLuxD.jpg

KING HENRY VIII SENIOR AND PRIMARY SCHOOL LIBRARY OPAC

Dirty beasts / (Record no. 1357)

000 -LEADER
fixed length control field 01044nam a22003371i 4500
001 - CONTROL NUMBER
control field 020719631
003 - CONTROL NUMBER IDENTIFIER
control field UkOxU
005 - DATE AND TIME OF LATEST TRANSACTION
control field 20221228155123.0
008 - FIXED-LENGTH DATA ELEMENTS--GENERAL INFORMATION
fixed length control field 160303r20161983enka j 000|p|eng|d
015 ## - NATIONAL BIBLIOGRAPHY NUMBER
National bibliography number GBB660171
Source bnb
016 7# - NATIONAL BIBLIOGRAPHIC AGENCY CONTROL NUMBER
Record control number 017833634
Source Uk
020 ## - INTERNATIONAL STANDARD BOOK NUMBER
International Standard Book Number 9780141369334 (pbk.) :
035 ## - SYSTEM CONTROL NUMBER
System control number (Uk)017833634
040 ## - CATALOGING SOURCE
Original cataloging agency StDuBDS
Language of cataloging eng
Description conventions rda
Transcribing agency StDuBDS
Modifying agency Uk
-- KH8
042 ## - AUTHENTICATION CODE
Authentication code ukblsr
082 04 - DEWEY DECIMAL CLASSIFICATION NUMBER
Classification number 821.914 DAH
Edition number 23
100 1# - MAIN ENTRY--PERSONAL NAME
Personal name Dahl, Roald,
Relator term author.
245 10 - TITLE STATEMENT
Title Dirty beasts /
Statement of responsibility, etc. Roald Dahl ; illustrated by Quentin Blake.
264 #1 - PRODUCTION, PUBLICATION, DISTRIBUTION, MANUFACTURE, AND COPYRIGHT NOTICE
Place of production, publication, distribution, manufacture London :
Name of producer, publisher, distributor, manufacturer Puffin,
Date of production, publication, distribution, manufacture, or copyright notice 2016.
300 ## - PHYSICAL DESCRIPTION
Extent 31 pages :
Other physical details illustrations (colour) ;
Dimensions 27 cm
336 ## - CONTENT TYPE
Content type term text
Source rdacontent
336 ## - CONTENT TYPE
Content type term still image
Source rdacontent
337 ## - MEDIA TYPE
Media type term unmediated
Source rdamedia
338 ## - CARRIER TYPE
Carrier type term volume
Source rdacarrier
500 ## - GENERAL NOTE
General note Originally published: New York: Farrar, Straus and Giroux, 1983.
500 ## - GENERAL NOTE
General note Formerly CIP.
Institution to which field applies Uk
650 #0 - SUBJECT ADDED ENTRY--TOPICAL TERM
Topical term or geographic name entry element Children's poetry, English.
650 #0 - SUBJECT ADDED ENTRY--TOPICAL TERM
Topical term or geographic name entry element Humorous poetry, English.
700 1# - ADDED ENTRY--PERSONAL NAME
Personal name Blake, Quentin,
Relator term illustrator.
942 ## - ADDED ENTRY ELEMENTS (KOHA)
Source of classification or shelving scheme
Koha item type Books - Non Ficton
Holdings
Withdrawn status Lost status Source of classification or shelving scheme Damaged status Not for loan Collection code Permanent Location Current Location Shelving location Date acquired Total Checkouts Full call number Barcode Date due Date last seen Date last checked out Price effective from Koha item type
          Non-Fiction KH8 Primary School Library KH8 Primary School Library Non Fiction 2022-12-28 2 821.914 DAH KHPL000003135 2023-02-02 2023-01-20 2023-01-20 2022-12-28 Books - Non Ficton
          Fiction KH8 Senior School Library KH8 Senior School Library Easy Reading 2025-09-04   FIC DAH 3KHSL000102363   2025-09-04   2025-09-04 Easy Reading

Powered By KH8 IT Dept